[Event "PRO League Group Stage"]
[Site "chess.com INT"]
[Date "2018.01.18"]
[Round "1"]
[White "Klein, David"]
[Black "Cornette, Matthieu"]
[Result "1-0"]
[WhiteTitle "GM"]
[BlackTitle "GM"]
[WhiteElo "2501"]
[BlackElo "2611"]
[WhiteTeam "Amsterdam Mosquitoes"]
[BlackTeam "Cannes Blockbusters"]
[WhiteFideId "1003623"]
[BlackFideId "620084"]
[EventDate "2018.01.18"]

1. e4 e6 2. d4 d5 3. Nd2 c5 4. Ngf3 cxd4 5. Nxd4 Nf6 6. exd5 Nxd5 7. N2f3 Bb4+
8. Bd2 O-O 9. c3 Bc5 10. Bd3 Nc6 11. Nxc6 bxc6 12. Qc2 h6 13. O-O Qf6 14. Be4
Ba6 15. c4 Nf4 16. Bc3 Qe7 17. Ne5 Rac8 18. Rad1 f5 19. Bf3 Qg5 20. g3 Rfd8 21.
b4 Rxd1 22. Rxd1 Bb6 23. c5 Bc7 24. h4 Nh3+ 25. Kh2 Qf6 26. Re1 Nf4 27. Nxc6 e5
28. Nxe5 Ne6 29. Bd5 Kh7 30. Nf3 1-0

[Event "PRO League Group Stage"]
[Site "chess.com INT"]
[Date "2018.01.18"]
[Round "1"]
[White "Klein, David"]
[Black "Gunina, Valentina"]
[Result "1/2-1/2"]
[WhiteTitle "GM"]
[BlackTitle "GM"]
[WhiteElo "2501"]
[BlackElo "2502"]
[WhiteTeam "Amsterdam Mosquitoes"]
[BlackTeam "Cannes Blockbusters"]
[WhiteFideId "1003623"]
[BlackFideId "4167570"]
[EventDate "2018.01.18"]

1. e4 c6 2. d4 d5 3. Nd2 dxe4 4. Nxe4 Bf5 5. Ng3 Bg6 6. h4 h6 7. Nf3 Nd7 8. h5
Bh7 9. Bd3 Bxd3 10. Qxd3 e6 11. Bd2 Ngf6 12. O-O-O Bd6 13. Kb1 Qc7 14. Ne4 Nxe4
15. Qxe4 Nf6 16. Qe2 O-O-O 17. c4 Rhe8 18. Bc3 c5 19. dxc5 Bxc5 20. Ne5 Rxd1+
21. Rxd1 Rd8 22. Rxd8+ Kxd8 23. g4 Ke7 24. f4 Qd6 25. Nd3 Qc6 26. g5 Ne8 27.
gxh6 gxh6 28. f5 Bd6 29. fxe6 fxe6 30. Qg4 b5 31. Qh4+ Kd7 32. Qd4 Qh1+ 33. Kc2
bxc4 34. Ne5+ Kc8 35. Qxc4+ Nc7 36. Nf7 Bg3 37. Qg4 Qg2+ 38. Bd2 Qc6+ 39. Kb1
Qh1+ 40. Bc1 Bf2 41. Nd6+ Kd7 42. Ne4 Be3 43. Qg7+ Kd8 44. Qf6+ Kc8 45. Qh8+ Kd7
46. Qg7+ Kd8 47. Qf6+ Kc8 48. Qh8+ Kb7 49. Nd6+ Kc6 50. Qc3+ Kxd6 51. Qxe3 Qxh5
52. Qxa7 Qf5+ 53. Ka1 h5 54. Qb6+ Kd7 55. Qd4+ Kc8 56. Qh8+ Kb7 57. a3 Qf1 58.
Qh6 h4 59. Ka2 h3 60. Bf4 Nd5 61. Be5 Qc4+ 62. Ka1 Qf1+ 63. Ka2 Qe2 64. Qxe6
Qc4+ 65. Ka1 Qc1+ 66. Ka2 Qc4+ 67. Ka1 Qc1+ 68. Ka2 Qc4+ 69. Ka1 Qc1+ 70. Ka2 1/2-1/2

[Event "PRO League Group Stage"]
[Site "chess.com INT"]
[Date "2018.01.18"]
[Round "1"]
[White "Cornette, Deimante"]
[Black "Bitalzadeh, Ali"]
[Result "1/2-1/2"]
[WhiteTitle "IM"]
[BlackTitle "IM"]
[WhiteElo "2439"]
[BlackElo "2390"]
[WhiteTeam "Cannes Blockbusters"]
[BlackTeam "Amsterdam Mosquitoes"]
[WhiteFideId "12802859"]
[BlackFideId "1010972"]
[EventDate "2018.01.18"]

1. e4 g6 2. d4 Bg7 3. Nc3 d6 4. Be3 c6 5. f4 b5 6. Bd3 Qb6 7. Nf3 Bg4 8. e5 dxe5
9. fxe5 Bxe5 10. O-O Nf6 11. Qd2 Bd6 12. Ne5 Nbd7 13. Rae1 Qc7 14. Bf4 Be6 15.
Ne4 Nxe4 16. Bxe4 Bxe5 17. dxe5 O-O 18. Qc3 Rac8 19. Kh1 a5 20. a3 c5 21. h4 h5
22. Qg3 Kg7 23. Qg5 Rh8 24. Qxe7 Qd8 25. Qxd8 Rhxd8 26. Bg5 Re8 27. Rd1 Bg4 28.
Rd5 Kg8 29. Bf6 Nxf6 30. Rxf6 b4 31. a4 Re7 32. Ra6 Be6 33. Rd1 Bg4 34. Rd5 Be6
35. Rd1 Bc4 36. Rxa5 Rxe5 37. Bf3 Kg7 38. Ra7 Be6 39. a5 c4 40. Ra1 c3 41. bxc3
Rxc3 42. Rb7 Ra3 43. Rb1 Rexa5 44. R7xb4 Rc5 45. R4b2 Rac3 46. Kh2 R5c4 47. Kg3
Rg4+ 48. Kf2 Rxh4 49. Re1 Rhc4 50. Re2 Bf5 51. Bd5 Rc5 52. Bb3 Rc7 53. Ra2 g5
54. Rd2 h4 55. Rd5 Kg6 56. Raa5 Bxc2 57. Rxg5+ Kf6 58. Bxc2 Rxc2+ 59. Kg1 R2c3
60. Kh2 Re3 61. Raf5+ Ke7 62. Rf4 h3 63. gxh3 Rc2+ 64. Rg2 Rcc3 65. Rh4 f5 66.
Rf2 Ke6 67. Rh6+ Ke5 68. Rh8 Rf3 69. Rxf3 Rxf3 70. Kg2 Ra3 71. h4 Kf4 72. Rb8
Ra2+ 73. Kf1 Kg3 74. h5 f4 75. h6 Ra1+ 76. Ke2 f3+ 77. Ke3 Re1+ 78. Kd2 f2 79.
Rg8+ Kf3 80. h7 Rh1 81. h8=Q Rxh8 82. Rxh8 f1=Q 83. Rf8+ Kg2 84. Rxf1 Kxf1 1/2-1/2

[Event "PRO League Group Stage"]
[Site "chess.com INT"]
[Date "2018.01.18"]
[Round "1"]
[White "Cornette, Deimante"]
[Black "Klein, David"]
[Result "1-0"]
[WhiteTitle "IM"]
[BlackTitle "GM"]
[WhiteElo "2439"]
[BlackElo "2501"]
[WhiteTeam "Cannes Blockbusters"]
[BlackTeam "Amsterdam Mosquitoes"]
[WhiteFideId "12802859"]
[BlackFideId "1003623"]
[EventDate "2018.01.18"]

1. e4 c5 2. Nc3 e6 3. Nge2 Nc6 4. d4 cxd4 5. Nxd4 Qc7 6. Be2 a6 7. O-O Nf6 8.
Be3 Be7 9. f4 d6 10. Qe1 O-O 11. Qg3 Nxd4 12. Bxd4 b5 13. a3 Bb7 14. Rae1 Rfe8
15. Kh1 Rad8 16. Bd3 Rd7 17. e5 dxe5 18. Bxe5 Qd8 19. f5 exf5 20. Bxf5 Rd2 21.
Be4 Bc8 22. Nd5 Ng4 23. Nxe7+ Rxe7 24. Bc3 Rd6 25. Bb4 Nf6 26. Qxd6 Qxd6 27.
Bxd6 Rxe4 28. Rxe4 Nxe4 29. Bb4 f5 30. Kg1 g6 31. b3 Kf7 32. c4 Be6 33. Rc1 bxc4
34. bxc4 Ke8 35. c5 Kd8 36. c6 Kc8 37. Ba5 Bd5 38. c7 Nf6 39. Rd1 h5 40. Bc3 Bb3
41. Rb1 Be6 42. Bxf6 Kxc7 43. Kf2 Bd5 44. g3 Be4 45. Rc1+ Kd6 46. Ke3 Ke6 47.
Bd8 Kf7 48. Kf4 Ke8 49. Bf6 Kf7 50. Ke5 Kg8 51. Rc7 Kf8 52. Ra7 Bd3 53. a4 Be2
54. a5 Bd3 55. Bg5 Ke8 56. Kf6 f4 57. Bxf4 Kd8 58. Ke5 Kc8 59. Kf6 Be4 60. Rxa6
Kb7 61. Rd6 Ka7 62. Kg5 Bc2 63. Rxg6 Bd1 64. Rh6 Kb7 65. Rxh5 Ka6 66. Bd2 Kb5
67. Rh8 Ka6 68. h4 Bc2 69. h5 Kb7 70. h6 Ka7 71. h7 Bxh7 72. Rxh7+ Ka8 73. Kf6
Kb8 74. g4 Ka8 75. g5 Kb8 76. g6 Ka8 77. Re7 Kb8 78. g7 Ka8 79. g8=Q# 1-0

[Event "PRO League Group Stage"]
[Site "chess.com INT"]
[Date "2018.01.18"]
[Round "1"]
[White "Cervantes Landeiro, Thalia"]
[Black "Lenderman, Aleksandr"]
[Result "0-1"]
[WhiteTitle "WFM"]
[BlackTitle "GM"]
[WhiteElo "2128"]
[BlackElo "2611"]
[WhiteTeam "Webster Windmills"]
[BlackTeam "Montclair Sopranos"]
[WhiteFideId "3520498"]
[BlackFideId "2021285"]
[EventDate "2018.01.18"]

1. d4 d6 2. c4 e5 3. e3 Nf6 4. Nc3 Nc6 5. d5 Ne7 6. Bd3 g6 7. Nge2 Bg7 8. O-O
O-O 9. a3 a5 10. Rb1 Nd7 11. b4 f5 12. Bc2 Kh8 13. Bb2 Ng8 14. Qd2 Ngf6 15. Rbd1
e4 16. Nb5 axb4 17. axb4 Ne5 18. Bxe5 dxe5 19. d6 cxd6 20. Nxd6 Be6 21. Nxb7
Qxd2 22. Rxd2 Bxc4 23. Na5 Bxe2 24. Rxe2 Nd5 25. Nc6 Rfc8 26. b5 Nc3 27. Rd2
Nxb5 28. Nb4 Bf8 29. Nd5 Ra2 30. Nb6 Raxc2 31. Rd5 R2c5 32. Rd7 R8c6 0-1

[Event "PRO League Group Stage"]
[Site "chess.com INT"]
[Date "2018.01.18"]
[Round "1"]
[White "Cervantes Landeiro, Thalia"]
[Black "Yuan, Yuanling"]
[Result "1-0"]
[WhiteTitle "WFM"]
[BlackTitle "WIM"]
[WhiteElo "2128"]
[BlackElo "2247"]
[WhiteTeam "Webster Windmills"]
[BlackTeam "Montclair Sopranos"]
[WhiteFideId "3520498"]
[BlackFideId "8604541"]
[EventDate "2018.01.18"]

1. d4 Nf6 2. c4 e6 3. Nc3 Bb4 4. e3 O-O 5. Bd3 d6 6. Ne2 e5 7. O-O Bxc3 8. Nxc3
Nc6 9. d5 Ne7 10. Qc2 h6 11. f4 c6 12. fxe5 dxe5 13. e4 Qb6+ 14. Kh1 Ng4 15. Qe2
Kh7 16. h3 Nf6 17. Be3 Qa5 18. a3 Ng6 19. b4 Qd8 20. Rad1 a5 21. c5 Bd7 22. Bc4
axb4 23. axb4 Ra3 24. dxc6 bxc6 25. Qb2 Ra8 26. b5 Qc8 27. b6 Qb7 28. Rd6 Ne8
29. Rd2 f5 30. exf5 Rxf5 31. Rxf5 Bxf5 32. Rf2 Qd7 33. Qd2 Qc8 34. b7 Qxb7 35.
Rxf5 Nf6 36. Rf1 Nh5 37. Bf2 Rf8 38. Bd3 Nf4 39. Be4 Qc8 40. Be3 Kh8 41. Bxg6
Nxg6 42. Rxf8+ Qxf8 43. Qf2 Qa8 44. Ne4 Qd8 45. Nd6 Kh7 46. Qf5 Qh4 47. Bf2 Qf6
48. Qxf6 gxf6 49. Nc4 Ne7 50. g4 Kg6 51. Kg2 Kg5 52. Kf3 h5 53. Be3+ Kg6 54. Nd6
Nd5 55. Nc4 Ne7 56. Na5 hxg4+ 57. hxg4 f5 58. Nc4 1-0

[Event "PRO League Group Stage"]
[Site "chess.com INT"]
[Date "2018.01.18"]
[Round "1"]
[White "Feng, Roland"]
[Black "Smirnov, Anton"]
[Result "0-1"]
[WhiteTitle "FM"]
[BlackTitle "GM"]
[WhiteElo "2358"]
[BlackElo "2527"]
[WhiteTeam "Seattle Sluggers"]
[BlackTeam "Australia Kangaroos"]
[WhiteFideId "2060086"]
[BlackFideId "3208923"]
[EventDate "2018.01.18"]

1. d4 d5 2. c4 e6 3. Nc3 Nf6 4. cxd5 exd5 5. Bg5 c6 6. e3 Be7 7. Bd3 Nbd7 8. Qc2
Nf8 9. Nge2 Ne6 10. Bh4 g6 11. f3 O-O 12. O-O b6 13. Rad1 Bb7 14. Kh1 Nh5 15.
Bf2 Rc8 16. Ng3 Nxg3+ 17. Bxg3 c5 18. dxc5 Bxc5 19. Qd2 d4 20. exd4 Bxd4 21. Ne4
Bxe4 22. Bxe4 Qf6 23. b3 Rfd8 24. Qe2 h5 25. Bb7 Rc3 26. h3 Re3 27. Qd2 Bc5 28.
Bd5 a5 29. Rfe1 Qg5 30. Rxe3 Bxe3 31. Qe1 Rxd5 32. Rxd5 Qxd5 33. Qxe3 Qc6 34.
Be5 Kf8 35. Bf6 Ke8 36. Bd4 b5 37. Bc3 a4 38. bxa4 bxa4 39. Be5 Qc5 40. Qe4 Qb5
41. a3 Kd7 42. h4 Qc6 43. Qd3+ Kc8 44. Kh2 Nf8 45. Bg3 Nd7 46. Qd4 Kb7 47. Qb4+
Ka6 48. Qf4 f5 49. Qd4 Nb6 50. Bf4 Nc4 51. Qd3 Kb7 52. Kg3 Nb6 53. Qd4 Nd5 54.
Be5 Kc8 55. Kh2 Kd7 56. Bg3 Kc8 57. Be5 Kb7 58. Bg3 Ka6 59. Be5 Kb5 60. Qb2+ Ka6
61. Qd4 Nb6 62. Bf4 Nc4 63. Qd3 Kb7 64. Kh3 Na5 65. Qb1+ Nb3 66. Qd3 Nc5 67. Qc4
Ne6 68. Qb4+ Ka6 69. Be5 Nd8 70. Bc3 Nb7 71. Bd2 Ka7 72. Be3+ Ka6 73. Bd2 Nd6
74. Qa5+ Kb7 75. Be3 Kc8 76. Qe5 Nc4 77. Qh8+ Kb7 78. Qc3 Nxe3 79. Qxe3 Qd6 80.
g3 Kc6 81. f4 Kb5 82. Qe2+ Kc5 83. Qc2+ Kb6 84. Qf2+ Qc5 85. Qb2+ Ka5 86. Qd2+
Kb5 87. Qb2+ Ka5 88. Qd2+ Ka6 89. Qe2+ Ka7 90. Kh2 Qxa3 91. Qb5 Qa2+ 92. Kh3 Qb3
93. Qd7+ Kb6 94. Qd6+ Kb5 95. Qxg6 Qd5 96. Qe8+ Kb4 97. Qb8+ Kc3 98. Qc7+ Kd3
99. Kh2 a3 100. Qa7 a2 101. Qa3+ Kc2 102. Qa4+ Qb3 103. Qc6+ Kb1 104. Qh1+ Kb2 0-1

[Event "PRO League Group Stage"]
[Site "chess.com INT"]
[Date "2018.01.18"]
[Round "1"]
[White "Feng, Roland"]
[Black "Morris, James"]
[Result "1/2-1/2"]
[WhiteTitle "FM"]
[BlackTitle "IM"]
[WhiteElo "2358"]
[BlackElo "2477"]
[WhiteTeam "Seattle Sluggers"]
[BlackTeam "Australia Kangaroos"]
[WhiteFideId "2060086"]
[BlackFideId "3205800"]
[EventDate "2018.01.18"]

1. d4 Nf6 2. c4 e6 3. Nc3 d5 4. cxd5 exd5 5. Bg5 Be7 6. e3 Nbd7 7. Bd3 Nf8 8.
Nge2 Ne6 9. Bh4 O-O 10. O-O c6 11. Qc2 g6 12. f3 Re8 13. Rad1 b6 14. Kh1 Bb7 15.
Bf2 Rc8 16. e4 dxe4 17. fxe4 Ng4 18. Bg1 Bd6 19. e5 Bb8 20. Nf4 Qh4 21. Nxe6
Rxe6 22. Bc4 c5 23. Rf4 Qg5 24. Rdf1 cxd4 25. Rxf7 Rxc4 26. Rf8+ Kg7 27. R1f7+
Kh6 28. Rh8 Nf6 29. exf6 Qxg2+ 30. Qxg2 Bxg2+ 31. Kxg2 dxc3 32. Rfxh7+ Kg5 33.
h4+ Kg4 34. bxc3 Bd6 35. Bd4 Re2+ 36. Kf1 Rxa2 37. f7 Rca4 38. f8=Q Bxf8 39.
Rxf8 Rb2 40. Kg1 Ra1+ 41. Rf1 Rxf1+ 42. Kxf1 a5 43. Rh6 Kf5 44. h5 gxh5 45.
Rxh5+ Ke4 46. Re5+ Kd3 47. Re3+ Kc4 48. Ke1 b5 49. Re4 Kd3 50. Re3+ Kc4 51. Re6
b4 52. Rc6+ Kd3 53. cxb4 Kxd4 54. bxa5 Ra2 55. a6 Kd5 56. Rh6 Kc5 57. Kd1 Kb5
58. Kc1 Rxa6 59. Rxa6 Kxa6 1/2-1/2

[Event "PRO League Group Stage"]
[Site "chess.com INT"]
[Date "2018.01.18"]
[Round "1"]
[White "Dragun, Kamil"]
[Black "Chirila, Ioan-Cristian"]
[Result "1/2-1/2"]
[WhiteTitle "GM"]
[BlackTitle "GM"]
[WhiteElo "2610"]
[BlackElo "2557"]
[WhiteTeam "Rio Grande Ospreys"]
[BlackTeam "San Jose Hackers"]
[WhiteFideId "1134167"]
[BlackFideId "1211668"]
[EventDate "2018.01.18"]

1. e4 c5 2. Nf3 Nc6 3. Nc3 e6 4. d4 cxd4 5. Nxd4 Qc7 6. Qd3 a6 7. Nxc6 bxc6 8.
Qg3 Qxg3 9. hxg3 d5 10. Na4 Rb8 11. exd5 cxd5 12. Bf4 Rb4 13. b3 e5 14. Be3 d4
15. Bd2 Rb8 16. c3 dxc3 17. Bxc3 f6 18. Bd3 Ne7 19. O-O Nd5 20. Bb2 Bd7 21. Bc4
Bxa4 22. Bxd5 Bd6 23. f4 Bb5 24. Rfe1 Bc5+ 25. Kh2 Rd8 26. Red1 Bd4 27. Bxd4
Rxd5 28. fxe5 fxe5 29. Bb2 Rxd1 30. Rxd1 e4 31. Bxg7 Rg8 32. Bh6 Rg6 33. Bf4 Rc6
34. Rd5 Bd3 35. Rh5 Rc2 36. a4 Bf1 37. Re5+ Kf7 38. Rxe4 Rxg2+ 39. Kh1 Rb2 40.
Rb4 Bg2+ 41. Kg1 Bd5 42. Rb6 Bxb3 43. Rxa6 Ra2 44. a5 Bc4 45. Rc6 Bb5 46. Rc5
Rxa5 47. Be5 Ke6 48. g4 h6 49. Bb2 Kd6 50. Rh5 Kc6 51. Rxh6+ Kd5 52. Rh5+ Kc6
53. g5 Bd3 54. Rh6+ Kd7 55. Bf6 Ra4 56. Kf2 Ke8 57. Ke3 Bf5 58. g6 Rg4 59. g7
Kf7 60. Bc3 Rg3+ 61. Kd4 Rd3+ 62. Kc4 Rxc3+ 63. Kxc3 Kxg7 64. Rd6 Bg6 65. Kd4
Bf7 66. Ke5 Kh8 67. Rd7 Bg8 68. Re7 Ba2 69. Kf6 Bb1 70. Rg7 Bc2 71. Rg3 Bb1 72.
Rh3+ Bh7 73. Rb3 Bc2 74. Rb2 Bh7 75. Rb8+ Bg8 76. Re8 Kh7 77. Rf8 Kh8 78. Kg6 1/2-1/2

[Event "PRO League Group Stage"]
[Site "chess.com INT"]
[Date "2018.01.18"]
[Round "1"]
[White "Dragun, Kamil"]
[Black "Naroditsky, Daniel"]
[Result "1-0"]
[WhiteTitle "GM"]
[BlackTitle "GM"]
[WhiteElo "2610"]
[BlackElo "2619"]
[WhiteTeam "Rio Grande Ospreys"]
[BlackTeam "San Jose Hackers"]
[WhiteFideId "1134167"]
[BlackFideId "2026961"]
[EventDate "2018.01.18"]

1. e4 e5 2. Nf3 Nc6 3. Bb5 a6 4. Ba4 Nf6 5. O-O Be7 6. Re1 b5 7. Bb3 d6 8. c3
O-O 9. d3 Na5 10. Bc2 c5 11. Nbd2 Nc6 12. Nf1 Re8 13. Ng3 Bf8 14. h3 h6 15. d4
cxd4 16. cxd4 exd4 17. Nxd4 Bb7 18. Bf4 Ne5 19. Ndf5 Kh7 20. Bb3 g6 21. Ne3 Bg7
22. Bxe5 Rxe5 23. Bxf7 Nxe4 24. Ng4 Nxg3 25. Nxe5 Bxe5 26. fxg3 Qb6+ 27. Kh1 Qf2
28. Bd5 Bxd5 29. Qxd5 Rf8 30. Qd3 Qxb2 31. Rac1 Qxa2 32. Rf1 Rxf1+ 33. Qxf1 Qe6
34. Rc7+ Bg7 35. Qa1 Qe5 36. Qxe5 dxe5 37. Ra7 e4 38. Rxa6 b4 39. Re6 b3 40.
Rxe4 b2 41. Rb4 Bd4 42. Rb7+ Kg8 43. g4 Kf8 44. g3 Ke8 45. Kg2 Kd8 46. Kf3 Kc8
47. Rb3 Kc7 48. Ke4 Bg7 49. Kd5 Kd7 50. Rb7+ Kc8 51. Kc6 Be5 52. Rb3 Bf6 53. Kd6
Bd4 54. Ke6 Kc7 55. Kf7 g5 56. Kg6 1-0

[Event "PRO League Group Stage"]
[Site "chess.com INT"]
[Date "2018.01.18"]
[Round "1"]
[White "Durarbayli, Vasif"]
[Black "Arnold, Marc"]
[Result "1-0"]
[WhiteTitle "GM"]
[BlackTitle "GM"]
[WhiteElo "2622"]
[BlackElo "2524"]
[WhiteTeam "Webster Windmills"]
[BlackTeam "Montclair Sopranos"]
[WhiteFideId "13402935"]
[BlackFideId "2022320"]
[EventDate "2018.01.18"]

1. e4 c5 2. Ne2 e6 3. d4 cxd4 4. Nxd4 a6 5. c4 Nf6 6. Nc3 d6 7. Be3 b6 8. Be2
Bb7 9. f3 Nbd7 10. O-O Be7 11. Qd2 O-O 12. a4 Rb8 13. a5 bxa5 14. Ra2 Nc5 15.
Na4 Ba8 16. Nxc5 dxc5 17. Nc2 a4 18. Bd1 Bc6 19. Na1 Rb4 20. Qc3 Qc7 21. b3 Bd6
22. g3 Be5 23. Qe1 Qb6 24. bxa4 Rxc4 25. Nb3 Bd4 26. Nxd4 cxd4 27. Bf4 Nd7 28.
Bd6 Rc8 29. a5 Qa7 30. Qf2 Bb5 31. Re1 Rc1 32. Rd2 R8c4 33. f4 Ba4 34. Bf3 Nc5
35. Rxc1 Rxc1+ 36. Kg2 Nb3 37. Rd3 Qd7 38. e5 Qb5 39. Be2 Rc2 40. Qf3 Qc6 41.
Kh3 Qxf3 42. Bxf3 Rc3 43. Be2 Rxd3 44. Bxd3 Nc1 45. Bxa6 d3 46. Bb4 Bc6 47. Bc8
Nb3 48. a6 d2 49. Bxd2 Nxd2 50. Bb7 1-0

[Event "PRO League Group Stage"]
[Site "chess.com INT"]
[Date "2018.01.18"]
[Round "1"]
[White "Moradiabadi, Elshan"]
[Black "Abrahamyan, Tatev"]
[Result "1-0"]
[WhiteTitle "GM"]
[BlackTitle "WGM"]
[WhiteElo "2528"]
[BlackElo "2332"]
[WhiteTeam "Dallas Destiny"]
[BlackTeam "San Diego Surfers"]
[WhiteFideId "12501255"]
[BlackFideId "13301918"]
[EventDate "2018.01.18"]

1. Nf3 Nf6 2. c4 e6 3. g3 b6 4. Bg2 Bb7 5. O-O Be7 6. d4 O-O 7. Re1 Na6 8. Nc3
Ne4 9. Bf4 d5 10. cxd5 exd5 11. Nd2 Nf6 12. Rc1 c5 13. dxc5 Nxc5 14. Nb3 Ne6 15.
Be5 Ng4 16. Bxd5 Bg5 17. Bxb7 Bxc1 18. Qxc1 Nxe5 19. Rd1 Qe7 20. Bxa8 Rxa8 21.
Nd4 Nc5 22. b4 Ncd7 23. Nd5 Qf8 24. Nc6 Nxc6 25. Qxc6 Ne5 26. Qc7 Ng6 27. e4 Qe8
28. Qb7 Rc8 29. Qxa7 Qxe4 30. Qb7 Re8 31. Qd7 h5 32. Ne3 h4 33. Rd4 Qb1+ 34. Kg2
Re7 35. Qc8+ Kh7 36. Qf5 Qxa2 37. Qh5+ Kg8 38. Rd8+ Nf8 39. Rxf8+ Kxf8 40. Qh8# 1-0

[Event "PRO League Group Stage"]
[Site "chess.com INT"]
[Date "2018.01.18"]
[Round "1"]
[White "Moradiabadi, Elshan"]
[Black "Sevian, Samuel"]
[Result "1-0"]
[WhiteTitle "GM"]
[BlackTitle "GM"]
[WhiteElo "2528"]
[BlackElo "2614"]
[WhiteTeam "Dallas Destiny"]
[BlackTeam "San Diego Surfers"]
[WhiteFideId "12501255"]
[BlackFideId "2040506"]
[EventDate "2018.01.18"]

1. d4 Nf6 2. Nf3 c5 3. c3 e6 4. Bg5 d5 5. e3 Be7 6. Nbd2 O-O 7. Bd3 b6 8. O-O
Bb7 9. Qb1 h6 10. Bh4 Nbd7 11. b4 cxb4 12. cxb4 Rc8 13. Qb2 Ne4 14. Bxe7 Qxe7
15. Rfc1 Nd6 16. b5 Nc4 17. Nxc4 dxc4 18. Bxc4 Bxf3 19. gxf3 Qg5+ 20. Kh1 Qh4
21. Bf1 Nf6 22. Bg2 Nd5 23. Kg1 Qe7 24. f4 h5 25. Rxc8 Rxc8 26. Rc1 Rd8 27. Qe2
g6 28. Qb2 h4 29. h3 Kh7 30. Kh1 Kg8 31. Rc4 Kg7 32. Qc1 Qd7 33. a4 Qd6 34. Qb2
Qe7 35. Rc6 Nb4 36. Rc4 Nd5 37. Qc2 Qa3 38. Kh2 Qa1 39. Bf3 Qe1 40. Qe2 Qb1 41.
Bxd5 Rxd5 42. Rc7 g5 43. Qh5 Qg6 44. Qxg6+ Kxg6 45. fxg5 a6 46. bxa6 Ra5 47. a7
Rxa4 48. Kg2 b5 49. Rb7 b4 50. f4 b3 51. Kf3 b2 52. Rxb2 Rxa7 53. Kg4 Ra3 54.
Re2 Ra1 55. Kxh4 Rg1 56. e4 f6 57. gxf6 Kxf6 58. Re3 Rd1 59. Kg4 Rxd4 60. h4 Rd1
61. h5 Kg7 62. f5 Rg1+ 63. Kf4 exf5 64. Kxf5 Rh1 65. Rg3+ Kh6 66. e5 Rf1+ 67.
Ke6 Kxh5 68. Ke7 Re1 69. e6 Kh6 70. Kd7 Kh7 71. e7 Rd1+ 72. Ke8 Rd2 73. Rg4 Rd1
74. Kf7 Rf1+ 75. Ke6 Re1+ 76. Kf6 Re2 77. Rg5 1-0

[Event "PRO League Group Stage"]
[Site "chess.com INT"]
[Date "2018.01.18"]
[Round "1"]
[White "Blomqvist, Erik"]
[Black "Tan, Justin2"]
[Result "1/2-1/2"]
[WhiteTitle "GM"]
[BlackTitle "IM"]
[WhiteElo "2502"]
[BlackElo "2466"]
[WhiteTeam "Stockholm Snowballs"]
[BlackTeam "London Lions"]
[WhiteFideId "1709437"]
[BlackFideId "3206882"]
[EventDate "2018.01.18"]

1. e4 e5 2. Nf3 Nc6 3. Bb5 a6 4. Ba4 Nf6 5. O-O Be7 6. d3 b5 7. Bb3 d6 8. a3 Na5
9. Ba2 c5 10. Nc3 Be6 11. Nh4 O-O 12. Nf5 Nd7 13. Qg4 Bf6 14. Nd5 Kh8 15. Nxf6
Qxf6 16. Bg5 Qg6 17. Qh4 Bxa2 18. Rxa2 Nb7 19. Raa1 Rae8 20. Rae1 f6 21. Bd2 Qf7
22. f4 c4 23. Bb4 Re6 24. Qg4 a5 25. Bc3 Rfe8 26. fxe5 Nxe5 27. Qg3 cxd3 28.
cxd3 Qg6 29. Qh3 a4 30. Nd4 R6e7 31. Nxb5 Ng4 32. Nd4 Kg8 33. Nf5 Rc7 34. Nh4
Qh5 35. Rf5 g5 36. Nf3 Qxh3 37. gxh3 Nh6 38. Rxf6 Nf7 39. Rf1 Nc5 40. Nd4 Nxd3
41. Nb5 Rd7 42. Rxf7 Rxf7 43. Rxf7 Kxf7 44. Nxd6+ Ke7 45. Nxe8 Kxe8 46. Kg2 Kf7
47. Kf3 h5 48. Ke3 Nf4 49. e5 Ke6 50. h4 Ng2+ 51. Kd4 Nxh4 52. Ke4 g4 53. Kf4
Nf3 54. Kg3 Kf5 55. h3 Nxe5 56. Bxe5 Kxe5 57. hxg4 hxg4 58. Kxg4 Ke4 59. Kg3 Ke3
60. Kg2 Ke2 61. Kg1 Kd2 62. Kf1 Kc2 63. Ke2 Kxb2 64. Kd2 Kxa3 65. Kc3 1/2-1/2

[Event "PRO League Group Stage"]
[Site "chess.com INT"]
[Date "2018.01.18"]
[Round "1"]
[White "Blomqvist, Erik"]
[Black "Fernandez, Daniel Howard"]
[Result "0-1"]
[WhiteTitle "GM"]
[BlackTitle "GM"]
[WhiteElo "2502"]
[BlackElo "2496"]
[WhiteTeam "Stockholm Snowballs"]
[BlackTeam "London Lions"]
[WhiteFideId "1709437"]
[BlackFideId "5801605"]
[EventDate "2018.01.18"]

1. e4 c5 2. Nf3 d6 3. d4 Nf6 4. Nc3 cxd4 5. Nxd4 g6 6. Be3 a6 7. f3 b5 8. Qd2
Bb7 9. a4 b4 10. Na2 e5 11. Nb3 d5 12. Bg5 Nbd7 13. exd5 Bxd5 14. Nxb4 Bxb3 15.
cxb3 Qa5 16. Na2 Qb6 17. Bc4 Bc5 18. Bh6 Bd4 19. Nc3 Nc5 20. Qc2 Rb8 21. O-O-O
Rg8 22. Rhe1 Ne6 23. Kb1 g5 24. h4 gxh4 25. Rh1 Nc5 26. Ka2 Nh5 27. Qxh7 Qg6 28.
Qxg6 Rxg6 29. Rxh4 Rxh6 30. g4 Nxb3 31. Bxa6 Rxa6 32. Rxh5 Rb4 33. Rh8+ Kd7 34.
Ka3 Rb7 35. Ne4 Ke7 36. g5 Nc1 37. b4 Rc6 38. a5 Rc2 0-1

[Event "PRO League Group Stage"]
[Site "chess.com INT"]
[Date "2018.01.18"]
[Round "1"]
[White "Agrest, Evgenij"]
[Black "Haria, Ravi"]
[Result "1-0"]
[WhiteTitle "GM"]
[BlackTitle "IM"]
[WhiteElo "2584"]
[BlackElo "2374"]
[WhiteTeam "Stockholm Snowballs"]
[BlackTeam "London Lions"]
[WhiteFideId "1705024"]
[BlackFideId "415820"]
[EventDate "2018.01.18"]

1. d4 e6 2. Bf4 Nf6 3. e3 c5 4. Nd2 cxd4 5. exd4 Be7 6. Ngf3 d6 7. Bd3 b6 8. O-O
Bb7 9. a4 a6 10. h3 O-O 11. c3 Nbd7 12. Qe2 Re8 13. Bh2 Qc8 14. Rfc1 Bc6 15. Nc4
Qc7 16. Nfd2 Bf8 17. Ne3 Qb7 18. Ndc4 e5 19. Qf1 g6 20. Bc2 Rac8 21. Bb3 Nd5 22.
Rd1 exd4 23. cxd4 Nxe3 24. Nxe3 Nf6 25. Bc4 Ra8 26. d5 Bd7 27. Be2 b5 28. a5 Ne4
29. Bf3 Bg7 30. Ra2 Ng5 31. Be2 Rac8 32. Bxd6 f5 33. Bd3 Ne4 34. Bxe4 Rxe4 35.
b4 f4 36. Ng4 h5 37. Nh2 g5 38. Re2 Rce8 39. Rxe4 Rxe4 40. Bc5 g4 41. f3 Re5 42.
hxg4 Rxd5 43. gxh5 Rxh5 44. Qd3 Be6 45. Qg6 1-0

[Event "PRO League Group Stage"]
[Site "chess.com INT"]
[Date "2018.01.18"]
[Round "1"]
[White "Agrest, Evgenij"]
[Black "Edouard, Romain"]
[Result "1/2-1/2"]
[WhiteTitle "GM"]
[BlackTitle "GM"]
[WhiteElo "2584"]
[BlackElo "2613"]
[WhiteTeam "Stockholm Snowballs"]
[BlackTeam "London Lions"]
[WhiteFideId "1705024"]
[BlackFideId "633429"]
[EventDate "2018.01.18"]

1. d4 e6 2. Bf4 b6 3. e3 Bb7 4. Nf3 g6 5. Be2 Bg7 6. O-O Ne7 7. c4 O-O 8. Nc3 d6
9. h3 Nd7 10. Bh2 e5 11. dxe5 Nxe5 12. Rc1 Nf5 13. b3 Nh4 14. Nxh4 Qxh4 15. Bg3
Qd8 16. Nd5 c6 17. Nc3 Qe7 18. Qd2 f5 19. Rfd1 Rad8 20. Bf1 g5 21. Re1 h5 22.
Bh2 Qf6 23. Ne2 c5 24. Nc3 f4 25. exf4 gxf4 26. Nd5 Bxd5 27. Qxd5+ Kh8 28. Rcd1
Qg6 29. Kh1 Rf5 30. Qe4 Rdf8 31. f3 Kh7 32. Rd5 R8f6 33. Red1 Bf8 34. Qc2 Kg7
35. Qd2 a5 36. Bg1 Re6 37. Bf2 Be7 38. Re1 Qf7 39. Re4 Ng6 40. Rxe6 Qxe6 41.
Rxf5 Qxf5 42. Bd3 Qe5 43. Bxg6 Kxg6 44. Be1 Qf5 45. Kg1 Qb1 46. Kf1 Kf5 47. Ke2
Ke6 48. Qd5+ Kd7 49. Qb7+ Ke8 50. Qa8+ Kd7 51. Qb7+ Ke8 52. Qa8+ Kd7 53. Qb7+
Ke8 1/2-1/2